00597nam a2200181 i 450000100060000000300090000600500170001500700030003200800410003510000780007624500760015426000400023030000220027049000220029260000590031483000220037385200200039531313ES-MaACL20250808070306.0t|030128s1932 fr ||||1| fre d1 aSaint-Aulaire, Auguste-Felix-Charles de Beaupoil, ccomte de, d1866-195410aRichelieu / cComte de Saint-Aulaire Auguste Felix Charles de Beaupoil. aParís : bDunod, c1932 (fDidot) a210 p. ; c19 cm.1 aLes Constructeurs14aRichelieu, Armand Jean du Plessis,cduc de,d1585-16420 aLes Constructeurs aES-MaACLjA-970